000
00335nam a22001457a 4500
003
OSt
005
20211231105933.0
008
211231b |||||||| |||| 00| 0 eng d
020
_a
3540636315
040
_c
HU
082
_a
006.32/ART
100
_a
Art
_9
26593
245
_a
Artificial Neural Networks Icann 97
942
_2
ddc
_c
BOOKS
_n
0
999
_c
25514
_d
25514